| 000 | 00857nac a22002651u 4500 | ||
|---|---|---|---|
| 999 |
_c231 _d231 |
||
| 003 | EG-ScBUE | ||
| 005 | 20210314094202.0 | ||
| 008 | 200219s1989 le f 000 d eng d | ||
| 020 | _a9953101086 | ||
| 040 |
_aEG-ScBUE _beng _erda _cEG-ScBUE _dEG-ScBUE |
||
| 082 | 0 | 4 |
_a822.6 _bGOL _222 |
| 100 | 1 |
_aGoldsmith, Oliver, _d1730?-1774, _eauthor. _935109 |
|
| 245 | 1 | 0 |
_aShe stoops to conquer : _bwith an introduction, a guide, notes and a glossary / _cOliver Goldsmith. |
| 264 | 1 |
_aBeirut : _bYork Press, _c1989. |
|
| 300 |
_axxvi, 141 pages ; _c24 cm. |
||
| 336 |
_2rdacontent _atext _btxt |
||
| 337 |
_2rdamedia _aunmediated _bn |
||
| 338 |
_2rdacarrier _avolume _bnc |
||
| 490 | 0 | _aYork classics | |
| 650 | 7 |
_aEnglish drama (Comedy) _2BUEsh |
|
| 651 | _2BUEsh | ||
| 653 |
_bHHUUEENN _cMarch2021 |
||
| 655 |
_vReading book _934232 |
||
| 942 |
_cBB _k823G6241 _2ddc |
||